LDR 01243naa#a2200265#i#450# 001 EN\RIOR\bibl\126051 005 20260629103253.1 011 ## _a2409-6024 100 ## _a20260530b2026####ek#y0engy0150####ca 102 ## _aRU 200 1# _aSTATE AND PROSPECTS OF MANAGEMENT ACCOUNTING OF COST AND SERVICES OF THE CAR PARK IN AGRICULTURAL ORGANIZATIONS _eJournal article 210 1# _aMoscow _cPublishing Center RIOR _d2026 215 ## _a19 с. 606 ## _aМенеджмент. 38.03.02 _2local 608 ## _aJournal article _2local 675 ## _aЭкономика. Народное хозяйство. Экономические науки. 33 _z 686 ## _aОБЩЕСТВЕННЫЕ НАУКИ. 6 _2bbk 686 ## _aОБЩЕСТВЕННЫЕ НАУКИ. ЭКОНОМИКА. ПРАВО.. 7 _2tbk 686 ## _aТерриториальная структура экономики. Региональная и городская экономика. 06.61 _2grnti 686 ## _aОтраслевая структура экономики. 06.71 _2grnti 700 #1 _aYusufov _gAbdulkadi Mirzakadievich 700 #1 _aFilin _gMurad Aleksandrovich 700 #1 _aOrudzheva _gZamira Abdulkadievna 700 #1 _aMurzagel'dieva _gEl'mira Bagaudinovna 856 4# _arusjm.ru _u